Os tribunais de contas e a nova lei de proteção de dados pessoais : (Record no. 54)

MARC details
000 -LÍDER
Campo Fixo de Controle 00939cam a2200253 a 4500
001 - NÚMERO DE CONTROLE
Campo de Controle 54
003 - IDENTIFICAÇÃO DO NÚMERO DE CONTROLE
Campo de Controle BR-CuiBMT
005 - DATA E HORA DA ÚLTIMA ATUALIZAÇÃO
Campo de Controle 20231129035701.0
008 - DADOS FIXOS
Dados Fixos 230808s2021 mgb 000 0 por d
020 ## - INTERNATIONAL STANDARD BOOK NUMBER
Nº do ISBN 9786555181579
040 ## - AGÊNCIA CATALOGADORA
Código da Agência Catalogadora BR-CuiBMT
Agência que transcreveu o registro BR-CuiBMT
080 ## - Nº DA CLASSIFICAÇÃO DECIMAL UNIVERSAL
Nº Class. CDU 351.94:336.148
Nº edição CDU 2007
090 ## - NÚMERO DE CHAMADA
Nº classificação 351.94:336.148
Cutter M152t
100 1# - ENTRADA PRINCIPAL -- AUTOR PESSOAL
Nome pessoal Maciel, Moises
245 13 - TÍTULO PRINCIPAL
Título principal Os tribunais de contas e a nova lei de proteção de dados pessoais :
Subtítulo uma análise acerca da função dos tribunais de contas e sua relação com a proteção de dados /
Indicação de responsabilidade Moises Maciel ; Lauro Ishikawa prefácio.
260 ## - PUBLICAÇÃO, DISTRIBUIÇÃO, ETC.
Local de publicação Belo Horizonte :
Editora Fórum,
Data 2021.
300 ## - DESCRIÇÃO FÍSICA
N. páginas ou volumes 306 p. ;
Dimensões 22 cm
504 ## - NOTA DE BIBLIOGRAFIA, ETC.
Nota de bibliografia Inclui bibliografia.
650 ## - ASSUNTO TÓPICO
Cabeçalho tópico ou nome geográfico Proteção de dados pessoais
Subdivisão de forma Legislação
Subdivisão geográfica Brasil
650 ## - ASSUNTO TÓPICO
Cabeçalho tópico ou nome geográfico Direito administrativo
Subdivisão geral Tribunais de contas
Subdivisão geográfica Brasil
650 ## - ASSUNTO TÓPICO
Cabeçalho tópico ou nome geográfico Direito constitucional
Subdivisão geográfica Brasil
650 ## - ASSUNTO TÓPICO
Cabeçalho tópico ou nome geográfico Tribunais de contas
Subdivisão geográfica Brasil
942 ## - ELEMENTOS DE ENTRADA ADICIONAIS (KOHA)
Fonte de classificação ou esquema de arquivamento Classificação Decimal Universal
Tipo de item do Koha Livros
Holdings
Estado: removido Estado: perdido Fonte de classificação ou esquema de arquivamento Estado: danificado Indisponível para empréstimo Localização permanente Localização atual Data de aquisição Total Checkouts Número de Chamada completo Código de barras Date last seen Número do exemplar Preço efetivo a partir de Tipo de item (Koha)
    Classificação Decimal Universal     Biblioteca da Escola Superior de Contas do TCE/MT Biblioteca da Escola Superior de Contas do TCE/MT 28/07/2023   351.94:336.148 M152t BIBTCEMT23080030 08/08/2023 Ex. 1 08/08/2023 Livros

Powered by Koha